LEADER 00742nac# 2200205 i 450 001 VAN00074616 005 20240806100603.353 100 $a20100317f |0itac50 ba 102 $aIT 105 $a|||| ||||| 110 $ab|||||||||| 200 1 $aLeda 210 $aLecce$cEdizioni del grifo. 463 1$1001VAN00074617$12001 $aRomanización y ciudadanía$eel camino de la expansión de Roma en la República$fFrancesca Lamberti$gprefacio$eRicardo D. Rabinovich-Berkman$1210 $aLecce$cEdizioni del Grifo$d2009$1215 $a99 p.$d20 cm.$v3 620 $dLecce$3VANL000073 712 $aEdizioni del Grifo $3VANV113123$4650 801 $aIT$bSOL$c20240906$gRICA 912 $aVAN00074616 996 $aLeda$9879371 997 $aUNICAMPANIA